| 000 | 01516nam0a22003491 4500 | ||
|---|---|---|---|
| 001 | RU\NLR\BIBL_A\022489023 | ||
| 005 | 20260406075931.0 | ||
| 035 | _a(NLR Aleph) 022489023 | ||
| 090 |
_a13380623 _c13380623 |
||
| 100 | _a20250310d1941 b y0rusy50 ca | ||
| 101 | 0 | _abel | |
| 102 | _aBY | ||
| 105 | _aa z 000gy | ||
| 181 | 0 |
_ai3 _baxxe |
|
| 182 | 0 | _an | |
| 200 | 1 |
_aБаранаў Васіль _e[паэма _eдля малодшага ўзросту] _fА. Куляшоў _gмастак: А. Волкаў |
|
| 203 |
_aТекст _bвизуальный _cнепосредственный |
||
| 210 |
_aМінск _cДзяржаўнае выд-ва пры СНК БССР, Рэдакцыя дзіцячай літаратуры _d1941 |
||
| 215 |
_a20 с. _cил. _d21 |
||
| 517 | 1 |
_6z20790 _aБаранов Василий |
|
| 700 | 1 |
_8bel _7ca _aКуляшоЎ _bА. А. _f1914-1978 _gАркадзь Аляксандравiч _3RU\NLR\AUTH\77126987 _9109911 |
|
| 702 | 1 |
_4040 _7ca _8rus _aВолков _bА. В. _cхудожник _f1908-1985 _gАнатолий Валентинович _3RU\NLR\AUTH\770184747 _9184696 |
|
| 790 | 1 |
_8rus _7ca _aКулешов _bА. А. _f1914-1978 _gАркадий Александрович _3RU\NLR\AUTH\77126993 _9109917 |
|
| 852 |
_aNLR _jДл02 Г-3/79 |
||
| 899 | _aНБ Беларуси | ||
| 942 | _cBOOK | ||
| 945 | _aРоссийская национальная библиотека | ||
| 980 | _aBV | ||
| 980 | _aBEL | ||
| 980 | _aNB | ||